00394nam a2200109Ia 4500008004100000050002600041100002700067245005900094260008600153300003300239521001200272140724s9999 xx 000 0 und d aG 155.A1b.Ar677 2012 aArduo, Chrislya Marie. aHappy escape travel and tours /cChrislyn Marie Arduo. aLas Piñas, Philippines :bSouthville International School and Colleges,cc2012. a60 p. :bcol. ill. ;c28 cm. aTourism